000
00416nam a22001817a 4500
003
MPLRDC
005
20220104113957.0
008
210129b ||||| |||| 00| 0 eng d
082
_a
848.5 ZSX
100
_a
赵淑侠著
245
_a
异乡情怀
_c
250
_a
五版
260
_a
_b
九歌出版社
_c
1984
300
_b
平
490
_a
九歌文库;62
650
_a
现代别集
942
_c
BK
_o
848.5 ZSX
999
_c
3851
_d
3841